|
|
|
|
| LEADER |
01384nam a2200337 a 4500 |
| 001 |
1447z |
| 003 |
BD-DhAAL |
| 005 |
20150217093214.0 |
| 008 |
150217s1985 nyua b 001 0 eng |
| 010 |
|
|
|a 84007155
|
| 020 |
|
|
|a 0582282748
|
| 020 |
|
|
|a 058228273X (pbk.)
|
| 040 |
|
|
|a DLC
|c DLC
|d DLC
|d BD-DhAAL
|
| 050 |
0 |
0 |
|a HQ1410
|b .P66 1985
|
| 082 |
0 |
0 |
|a 305.4/0973
|2 19
|
| 100 |
1 |
|
|a Poole, Keith T.
|9 8502
|
| 245 |
1 |
0 |
|a Women, public opinion, and politics :
|b the changing political attitudes of American women /
|c Keith T. Poole, L. Harmon Zeigler.
|
| 260 |
|
|
|a New York :
|b Longman,
|c c1985.
|
| 300 |
|
|
|a xii, 196 p. :
|b ill. ;
|c 23 cm.
|
| 504 |
|
|
|a Includes bibliographies and index.
|
| 541 |
|
|
|e 1447
|
| 650 |
|
0 |
|a Women
|z United States
|x Attitudes.
|9 8503
|
| 650 |
|
0 |
|a Women
|x Political activity
|z United States.
|9 8504
|
| 650 |
|
0 |
|a Women
|z United States
|x Social conditions.
|9 8505
|
| 650 |
|
0 |
|a Public opinion
|z United States.
|9 5656
|
| 650 |
|
0 |
|a Women
|z United States
|x Public opinion.
|9 8506
|
| 651 |
|
0 |
|a United States
|x Politics and government
|y 1981-1989
|x Public opinion.
|9 8507
|
| 700 |
1 |
|
|a Zeigler, L. Harmon
|q (Luther Harmon),
|d 1936-
|9 8508
|
| 942 |
|
|
|2 ddc
|c BK
|
| 999 |
|
|
|c 33720
|d 33720
|
| 952 |
|
|
|0 0
|1 0
|2 ddc
|4 0
|6 305_409730000000000_POO
|7 0
|9 52661
|a SCL
|b SCL
|c GEN
|d 2015-02-17
|e Gift: The Asia Foundation
|l 3
|m 7
|o 305.40973 POO
|p 3020001447
|r 2025-08-31
|s 2025-08-20
|t 1
|w 2015-02-17
|y BK
|